Statistics for Countries that DON'T contain the letter "a"

Click here to take the quiz!

General Stats

  • This quiz has been taken 974 times
  • The average score is 17 of 31

Answer Stats

ContinentNumber of lettersCountry% Correct
Europe6Sweden
78%
South America5Chile
76%
South America4Peru
75%
Africa5Egypt
75%
North America6Mexico
73%
Europe/Asia6Turkey
69%
Europe6Greece
68%
Australia/Oceania4Fiji
65%
Africa4Togo
64%
Asia5Yemen
62%
Europe10Luxembourg
61%
Europe13United Kingdom
60%
Africa7Morocco
58%
Europe7Belgium
58%
North America6Belize
57%
Europe13Liechtenstein
53%
Africa5Benin
53%
Europe6Kosovo
52%
Africa8Djibouti
51%
Africa5Niger
51%
Africa7Lesotho
50%
Europe13Czech Republic
49%
Africa10Seychelles
47%
Africa7Comoros
46%
Africa7Burundi
46%
Europe6Cyprus
45%
Europe10Montenegro
45%
Asia6Brunei
41%
Asia11Philippines
41%
Africa18Republic of the Congo
24%
Africa11Cote d'Ivoire
18%

Score Distribution

Percentile by Number Answered

Percent of People with Each Score

Your Score History

You have not taken this quiz